[Event "Flint Summer Swiss"]
[Site "Flint, MI"]
[Date "2002.07.27"]
[Round "3.14"]
[White "Gross, Ben"]
[Black "McCarter, Robert"]
[Result "1-0"]
[WhiteElo "1493"]
[BlackElo "1603"]
[PlyCount "116"]
[EventDate "2002.07.27"]

1. c4 c5 2. g3 g6 3. Bg2 Bg7 4. Nc3 Nc6 5. d3 d6 6. e4 e6 7. Nge2 Nge7 8. O-O
O-O 9. Rb1 Rb8 10. a3 Nd4 11. b4 Nxe2+ 12. Nxe2 cxb4 13. axb4 a6 14. Qb3 Bd7
15. Be3 f5 16. d4 fxe4 17. Bxe4 Nf5 18. c5 Qe7 19. d5 Nxe3 20. Qxe3 e5 21. Rfc1
Bb5 22. Nc3 Bd7 23. c6 Bf5 24. b5 axb5 25. cxb7 Rxb7 26. Rxb5 Rxb5 27. Nxb5 Rb8
28. Rc7 Qf6 29. Na7 Rb4 30. Bxf5 Qxf5 31. Nc6 Qb1+ 32. Kg2 Qe4+ 33. Qxe4 Rxe4
34. Kf3 Ra4 35. Rd7 Bf8 36. Nd8 Ra5 37. Ne6 Rxd5 38. Rd8 e4+ 39. Ke2 Rf5 40.
Nxf8 Rxf8 41. Rxd6 Rb8 42. Rd4 Rb2+ 43. Ke3 Rb3+ 44. Kxe4 Rb2 45. Ke3 Rb3+ 46.
Rd3 Rb2 47. h4 h6 48. f3 Kf7 49. Ke4 Re2+ 50. Re3 Ra2 51. Kf4 Kf6 52. g4 Ra4+
53. Re4 g5+ 54. hxg5+ hxg5+ 55. Kg3 Ra3 56. Kf2 Ra2+ 57. Re2 Ra4 58. Rb2 Ke5
1-0

[Event "Flint Summer Swiss"]
[Site "Flint, MI"]
[Date "2002.07.27"]
[Round "2.1"]
[White "Gregory, Kevin"]
[Black "Zatonskih, Anna"]
[Result "0-1"]
[WhiteElo "1770"]
[BlackElo "2471"]
[PlyCount "72"]
[EventDate "2002.07.27"]

1. d4 e6 2. Nf3 f5 3. g3 Nf6 4. Bg5 d5 5. Bg2 Bd6 6. Ne5 Nbd7 7. f4 c5 8. c3
cxd4 9. cxd4 Qb6 10. Qd2 Ne4 11. Bxe4 dxe4 12. Nc4 Qa6 13. Nxd6+ Qxd6 14. O-O
Nb6 15. Rc1 Bd7 16. Na3 Bc6 17. e3 h6 18. Bh4 Rg8 19. Qe2 Qd7 20. g4 g5 21.
fxg5 hxg5 22. Bg3 f4 23. exf4 Qxd4+ 24. Bf2 e3 25. Bxe3 Qe4 26. Rxc6 bxc6 27.
fxg5 Rxg5 28. h3 Rg7 29. Re1 Nd5 30. Bc5 Qxe2 31. Rxe2 Nf4 32. Re3 O-O-O 33.
Nc4 Nxh3+ 34. Rxh3 Rxg4+ 35. Kf2 Rxc4 36. Re3 Rxc5 0-1

[Event "Flint Summer Swiss"]
[Site "Flint, MI"]
[Date "2002.07.27"]
[Round "3.2"]
[White "Everett, Morgan"]
[Black "Vandivier, Don"]
[Result "0-1"]
[WhiteElo "2077"]
[BlackElo "1917"]
[PlyCount "79"]
[EventDate "2002.07.27"]

1. d4 Nf6 2. c4 e5 3. dxe5 Ng4 4. Bf4 Nc6 5. Nf3 Bb4+ 6. Nc3 Bxc3+ 7. bxc3 Qe7
8. e3 Ngxe5 9. Nxe5 Nxe5 10. Qd4 d6 11. c5 f6 12. cxd6 Qxd6 13. Bb5+ Ke7 14.
Rd1 g5 15. Bg3 h5 16. O-O h4 17. Bxe5 Qxe5 18. Qb4+ c5 19. Qa3 h3 20. Rfe1 hxg2
21. f4 Qc7 22. Qa4 Bg4 23. Qe4+ Kf7 24. Rd2 a6 25. Bc4+ Kg7 26. Qxg2 Rh4 27.
fxg5 fxg5 28. Be6 Rah8 29. Rd7+ Qxd7 30. Bxd7 Bxd7 31. Qxg5+ Kf7 32. Rf1+ Ke8
33. Rf4 Rxf4 34. Qxf4 Rg8+ 35. Kf2 Rf8 36. Kg3 Rxf4 37. Kxf4 b5 38. Ke5 b4 39.
cxb4 cxb4 40. Kd5 0-1

[Event "Flint Summer Swiss"]
[Site "Flint, MI"]
[Date "2002.07.27"]
[Round "1.2"]
[White "Everett, Morgan"]
[Black "Korpi, Ernie"]
[Result "1-0"]
[WhiteElo "2077"]
[BlackElo "1600"]
[PlyCount "101"]
[EventDate "2002.07.27"]

1. e4 c5 2. Nf3 d6 3. Bb5+ Bd7 4. a4 Nf6 5. Nc3 a6 6. Bxd7+ Nbxd7 7. d4 g6 8.
O-O Bg7 9. e5 dxe5 10. dxe5 Ng4 11. e6 fxe6 12. Ng5 Bxc3 13. Qxg4 Bf6 14. Qxe6
Ne5 15. Bf4 Bxg5 16. Bxe5 Rf8 17. Rad1 Qc8 18. Qd5 Qc6 19. f4 Bf6 20. Bxf6 Qxd5
21. Rxd5 Rxf6 22. Rxc5 Rd8 23. g3 Rfd6 24. Rf2 Rd1+ 25. Kg2 Rb1 26. b3 Rbd1 27.
Re2 R8d2 28. Kf3 Rxe2 29. Kxe2 Rh1 30. h4 Rh2+ 31. Ke3 Kd7 32. Ke4 Rg2 33. Kf3
Kd6 34. b4 b6 35. Rc3 Rd2 36. Ke3 Rg2 37. Kd4 h5 38. b5 axb5 39. axb5 Rd2+ 40.
Kc4 Rg2 41. Rd3+ Ke6 42. c3 Rb2 43. Rd5 Rg2 44. Rg5 Kf6 45. Kd5 Re2 46. c4 Rd2+
47. Kc6 Rd6+ 48. Kc7 Kf7 49. c5 bxc5 50. Rxc5 Ke8 51. b6 1-0

[Event "Flint Summer Swiss"]
[Site "Flint, MI"]
[Date "2002.07.27"]
[Round "2.5"]
[White "Christiansen, Jeremy"]
[Black "Davidovich, Manis"]
[Result "1/2-1/2"]
[WhiteElo "1669"]
[BlackElo "2033"]
[PlyCount "84"]
[EventDate "2002.07.27"]

1. e4 d5 2. exd5 Nf6 3. d4 Bg4 4. Nf3 Qxd5 5. Be2 Nc6 6. c4 Qf5 7. Be3 e6 8.
Nc3 O-O-O 9. h3 Bxf3 10. Bxf3 e5 11. d5 Kb8 12. O-O e4 13. Qa4 exf3 14. dxc6 b6
15. Qa6 Qc8 16. Qxc8+ Kxc8 17. gxf3 Rd6 18. Nb5 Re6 19. Nxa7+ Kb8 20. Nb5 Rxc6
21. b3 Bc5 22. Rad1 Re8 23. Rd3 Nh5 24. Rfd1 Rg6+ 25. Kf1 Bxe3 26. Rd8+ Rxd8
27. Rxd8+ Kb7 28. fxe3 Rg3 29. Rd7 Rxf3+ 30. Ke2 Rxh3 31. Rxc7+ Kb8 32. Rxf7 g5
33. Kf2 Ng3 34. Nd6 g4 35. e4 h5 36. e5 h4 37. e6 Rh2+ 38. Kg1 Rh1+ 39. Kg2 Re1
40. e7 Re2+ 41. Kg1 Re1+ 42. Kg2 Re2+ 1/2-1/2

[Event "Flint Summer Swiss"]
[Site "Flint, MI"]
[Date "2002.07.27"]
[Round "2.6"]
[White "Choate, Eric"]
[Black "Vandivier, Don"]
[Result "0-1"]
[WhiteElo "1502"]
[BlackElo "1917"]
[PlyCount "80"]
[EventDate "2002.07.27"]

1. e4 c5 2. Nf3 d6 3. d3 g6 4. Be2 Bg7 5. c3 Nf6 6. O-O O-O 7. Nbd2 Nc6 8. h3
Bd7 9. Nh2 b5 10. Ng4 b4 11. Nb3 bxc3 12. Nh6+ Kh8 13. bxc3 a5 14. a4 Rb8 15.
Bd2 Be6 16. Rb1 Qb6 17. c4 Rb7 18. Na1 Nb4 19. Nc2 Nd7 20. Bg4 Bxg4 21. Nxg4
Qc6 22. Nxb4 cxb4 23. Bh6 Nc5 24. Bxg7+ Kxg7 25. Ra1 h5 26. Ne3 b3 27. Ra3 Rfb8
28. Qd2 e6 29. Rb1 Rb4 30. Nd1 Rxa4 31. Rxa4 Qxa4 32. Qc3+ e5 33. Ra1 Qb4 34.
Qxb4 Rxb4 35. Nb2 a4 36. Kf1 Rb6 37. Ke2 Ra6 38. Kd2 a3 39. Nd1 b2 40. Nxb2
Nb3+ 0-1

[Event "Flint Summer Swiss"]
[Site "Flint, MI"]
[Date "2002.07.27"]
[Round "2.12"]
[White "Cendrowski, Chris"]
[Black "Burwell, Raymond"]
[Result "0-1"]
[WhiteElo "1379"]
[BlackElo "1834"]
[PlyCount "50"]
[EventDate "2002.07.27"]

1. e4 e6 2. d4 d5 3. Nc3 Bb4 4. e5 Ne7 5. a3 Ba5 6. b4 Bb6 7. Na4 Bd7 8. Nc5
Bxc5 9. bxc5 Nbc6 10. c3 O-O 11. Bd3 Nf5 12. h4 h6 13. Qg4 g6 14. h5 g5 15. f4
f6 16. exf6 Qxf6 17. fxg5 Qg7 18. g6 e5 19. Bxf5 Rxf5 20. Qg3 exd4 21. cxd4
Re8+ 22. Ne2 Nxd4 23. Ra2 Bb5 24. Be3 Nxe2 25. Rxe2 Qa1+ 0-1

[Event "Flint Summer Swiss"]
[Site "Flint, MI"]
[Date "2002.07.27"]
[Round "3.7"]
[White "Burwell, Raymond"]
[Black "Korpi, Ernie"]
[Result "1-0"]
[WhiteElo "1834"]
[BlackElo "1600"]
[PlyCount "51"]
[EventDate "2002.07.27"]

1. e4 c5 2. Nf3 d6 3. d4 cxd4 4. Nxd4 Nf6 5. Nc3 g6 6. Be2 Bg7 7. Bg5 O-O 8.
Qd2 e6 9. O-O-O Qb6 10. Bh6 Rd8 11. Bxg7 Kxg7 12. Na4 Qc7 13. f3 a6 14. h4 b5
15. Nc3 e5 16. Nb3 Be6 17. g4 h5 18. gxh5 Nxh5 19. Rdg1 Nc6 20. Qg5 Kh7 21. f4
Nxf4 22. h5 Kg7 23. hxg6 fxg6 24. Qh6+ Kg8 25. Qh8+ Kf7 26. Rh7# 1-0

[Event "Flint Summer Swiss"]
[Site "Flint, MI"]
[Date "2002.07.27"]
[Round "1.8"]
[White "Burwell, Raymond"]
[Black "Choate, Eric"]
[Result "0-1"]
[WhiteElo "1834"]
[BlackElo "1502"]
[PlyCount "84"]
[EventDate "2002.07.27"]

1. e4 e5 2. Nf3 d6 3. d4 exd4 4. Nxd4 Nf6 5. Nc3 Be7 6. Bc4 O-O 7. O-O Bd7 8.
Re1 Nc6 9. Bg5 h6 10. Be3 Nh7 11. Nd5 Ne5 12. Bb3 Bf6 13. f4 Nc6 14. c3 Re8 15.
Bc2 Nxd4 16. cxd4 Bc6 17. Nxf6+ Nxf6 18. d5 Bd7 19. Qd3 Rxe4 20. Qd2 Re7 21.
Bf2 Rxe1+ 22. Rxe1 Nh5 23. Qd3 g6 24. Qd2 Qf6 25. Bd4 Qd8 26. f5 g5 27. h4 f6
28. hxg5 hxg5 29. g4 Nf4 30. Qh2 Qf8 31. Re6 Nxd5 32. Re1 Kg7 33. Bb3 Nf4 34.
Be3 Re8 35. Qg3 a6 36. Bxf4 gxf4 37. Rxe8 Qxe8 38. Qxf4 Qe1+ 39. Kh2 Qe2+ 40.
Kg3 Bc6 41. Qf2 Qe5+ 42. Qf4 Qxb2 0-1

[Event "Flint Summer Swiss"]
[Site "Flint, MI"]
[Date "2002.07.27"]
[Round "2.2"]
[White "Ashuev, Yuri"]
[Black "Laurin, Edward"]
[Result "1-0"]
[WhiteElo "2201"]
[BlackElo "1757"]
[PlyCount "31"]
[EventDate "2002.07.27"]

1. d4 Nf6 2. c4 e6 3. Nc3 Bb4 4. f3 c5 5. d5 Bxc3+ 6. bxc3 Qa5 7. Bd2 b5 8. e4
Ba6 9. cxb5 Bb7 10. c4 Qc7 11. Bc3 d6 12. dxe6 fxe6 13. Nh3 Nbd7 14. Qd2 O-O-O
15. Ng5 Nf8 16. Ba5 1-0

[Event "Flint Summer Swiss"]
[Site "Flint, MI"]
[Date "2002.07.27"]
[Round "2.7"]
[White "Aldrich, Justin"]
[Black "Kahn, Aaron"]
[Result "0-1"]
[WhiteElo "1646"]
[BlackElo "1800"]
[PlyCount "88"]
[EventDate "2002.07.27"]

1. e4 Nf6 2. Nc3 d5 3. exd5 Nxd5 4. Nxd5 Qxd5 5. Nf3 c5 6. b3 Nc6 7. Bc4 Qe4+
8. Be2 Bf5 9. d3 Qd5 10. O-O e5 11. Re1 Be7 12. Bb2 f6 13. Nd2 Qd7 14. Bh5+ g6
15. Bf3 Nd4 16. Bxd4 cxd4 17. Nc4 Rc8 18. a4 O-O 19. h3 Bb4 20. Rf1 Be6 21. Be2
Qc7 22. Qc1 a6 23. Ra2 b5 24. axb5 axb5 25. Nd2 Ra8 26. Rxa8 Rxa8 27. f4 Ra2
28. Bd1 Qa5 29. Ne4 Ra1 30. Qb2 Bc3 31. b4 Bxb2 32. bxa5 Kg7 33. fxe5 fxe5 34.
Nc5 Bf7 35. Nb7 Ba3 36. Bf3 Ra2 37. Rf2 Bb4 38. Bc6 Bxa5 39. Bxb5 Rb2 40. Nd6
Ba2 41. Bc4 Be1 42. Re2 Bg3 43. Bxa2 Rxa2 44. Ne4 Ra1+ 0-1

[Event "Flint Summer Swiss"]
[Site "Flint, MI"]
[Date "2002.07.27"]
[Round "2.9"]
[White "Aldrich, Jeff"]
[Black "Homa, Seth"]
[Result "1/2-1/2"]
[WhiteElo "1900"]
[BlackElo "1529"]
[PlyCount "60"]
[EventDate "2002.07.27"]

1. d4 Nf6 2. c4 e6 3. Nc3 Bb4 4. Qc2 c5 5. dxc5 Na6 6. Nf3 Nxc5 7. a3 Bxc3+ 8.
Qxc3 O-O 9. e3 d5 10. h3 b6 11. b3 Bb7 12. Bb2 dxc4 13. Bxc4 Rc8 14. Rd1 Qe7
15. O-O Nce4 16. Qe5 Qc5 17. Kh2 Rfd8 18. Bd4 Qxe5+ 19. Nxe5 Nd6 20. f3 Nxc4
21. Nxc4 Nd5 22. e4 Ne7 23. Be5 Ba6 24. Rc1 f6 25. Bg3 e5 26. Rfe1 Bxc4 27.
bxc4 Rd4 28. c5 Rxc5 29. Rxc5 bxc5 30. Rc1 Ra4 1/2-1/2

[Event "Flint Summer Swiss"]
[Site "Flint, MI"]
[Date "2002.07.28"]
[Round "4.2"]
[White "Yang, Yinghan"]
[Black "Ashuev, Yuri"]
[Result "0-1"]
[WhiteElo "1808"]
[BlackElo "2201"]
[PlyCount "80"]
[EventDate "2002.07.27"]

1. e4 e6 2. d4 d5 3. Nc3 Bb4 4. e5 c5 5. a3 Bxc3+ 6. bxc3 Qc7 7. Nf3 b6 8. a4
Ba6 9. Bxa6 Nxa6 10. Qd3 Nb8 11. O-O Ne7 12. Ba3 Nd7 13. Rfb1 O-O 14. c4 Rfd8
15. cxd5 Nxd5 16. Ng5 Nf8 17. Qc4 Rac8 18. dxc5 Qxe5 19. Nf3 Qc3 20. Qxc3 Nxc3
21. Rb3 Nxa4 22. cxb6 Nxb6 23. Bxf8 Kxf8 24. g3 Rc7 25. Rba3 Nc8 26. R1a2 Rd1+
27. Kg2 f6 28. Rd3 Rxd3 29. cxd3 e5 30. Ra3 Ke7 31. Nd2 Nd6 32. Nc4 Nxc4 33.
dxc4 Kd6 34. Ra5 Kc6 35. c5 Kd5 36. Kf3 Kc4 37. Ke4 Kb4 38. Ra2 Kxc5 39. Kd3
Kb4 40. h4 a5 0-1

[Event "Flint Summer Swiss"]
[Site "Flint, MI"]
[Date "2002.07.28"]
[Round "4.1"]
[White "Vandivier, Don"]
[Black "Zatonskih, Anna"]
[Result "0-1"]
[WhiteElo "1917"]
[BlackElo "2471"]
[PlyCount "31"]
[EventDate "2002.07.27"]

1. e4 e6 2. d4 d5 3. exd5 exd5 4. Bd3 Nc6 5. c3 Bd6 6. Qf3 Be6 7. Nh3 Qd7 8.
Nf4 Nf6 9. Nxe6 fxe6 10. Bf4 O-O-O 11. Bxd6 Qxd6 12. Na3 e5 13. Qf5+ Kb8 14.
dxe5 Nxe5 15. O-O-O Nfg4 16. Qf4 0-1

[Event "Flint Summer Swiss"]
[Site "Flint, MI"]
[Date "2002.07.28"]
[Round "5.3"]
[White "Vandivier, Don"]
[Black "Davidovich, Manis"]
[Result "1/2-1/2"]
[WhiteElo "1917"]
[BlackElo "2033"]
[PlyCount "61"]
[EventDate "2002.07.27"]

1. e4 c5 2. Nf3 d6 3. Nc3 Nf6 4. Bc4 Nc6 5. d4 cxd4 6. Nxd4 g6 7. Nxc6 bxc6 8.
e5 Ng4 9. e6 f5 10. Bf4 Qb6 11. Qf3 Bg7 12. O-O O-O 13. Bxd6 Qxb2 14. Qxc6 Qxc3
15. Bxe7 Bb7 16. Qxb7 Qxc4 17. Bxf8 Rxf8 18. e7 Re8 19. Rad1 Kf7 20. h3 Ne5 21.
Qxa7 Rxe7 22. Qa8 Nc6 23. Rfe1 Be5 24. Qc8 Qf4 25. Qxc6 Qh2+ 26. Kf1 Qh1+ 27.
Ke2 Bc3+ 28. Kf3 Bxe1 29. Qd5+ Kg7 30. Qd4+ Kf7 31. Qd5+ 1/2-1/2

[Event "Flint Summer Swiss"]
[Site "Flint, MI"]
[Date "2002.07.28"]
[Round "4.7"]
[White "Sims, Chris"]
[Black "Aldrich, Justin"]
[Result "1-0"]
[WhiteElo "1691"]
[BlackElo "1646"]
[PlyCount "51"]
[EventDate "2002.07.27"]

1. e4 e5 2. Nf3 d6 3. d4 exd4 4. Nxd4 Nf6 5. Nc3 Be7 6. Bc4 O-O 7. O-O Bd7 8.
f4 Nc6 9. Nf3 Be6 10. Be2 h6 11. f5 Bd7 12. Bf4 Nh7 13. Qe1 Ng5 14. Rd1 Nxf3+
15. Rxf3 Bf6 16. Nd5 Ne5 17. Bxe5 dxe5 18. Nxf6+ gxf6 19. Rfd3 Qe7 20. Qg3+ Kh7
21. Rxd7 Qc5+ 22. Kh1 Qxc2 23. Qg6+ Kh8 24. Qxh6+ Kg8 25. R7d3 Qxe2 26. Rg3+
1-0

[Event "Flint Summer Swiss"]
[Site "Flint, MI"]
[Date "2002.07.28"]
[Round "4.9"]
[White "Schwab, Henry"]
[Black "Gross, Ben"]
[Result "1-0"]
[WhiteElo "1690"]
[BlackElo "1493"]
[PlyCount "63"]
[EventDate "2002.07.27"]

1. e4 d6 2. d4 g6 3. Nc3 Bg7 4. Be3 a6 5. Qd2 b5 6. Bd3 Bb7 7. Nf3 Nd7 8. O-O
c5 9. d5 b4 10. Nd1 a5 11. c4 h5 12. h3 Qc7 13. Rb1 Nb6 14. Ng5 Ba6 15. Qc2 Nh6
16. f4 Kd7 17. Nf3 Kc8 18. e5 Kb7 19. Nf2 Rae8 20. Ne4 Nf5 21. Bf2 dxe5 22.
fxe5 Bxe5 23. Nxe5 Qxe5 24. Nxc5+ Ka7 25. Na4 Nd4 26. Nxb6 Kxb6 27. Qa4 Rc8 28.
Rbe1 Qg7 29. Rxe7 Bxc4 30. Bxc4 Rxc4 31. Qd7 Kc5 32. Qc6# 1-0

[Event "Flint Summer Swiss"]
[Site "Flint, MI"]
[Date "2002.07.28"]
[Round "5.16"]
[White "Saylor, Oliver"]
[Black "Mandell, Ed"]
[Result "0-1"]
[WhiteElo "1328"]
[BlackElo "1298"]
[PlyCount "102"]
[EventDate "2002.07.27"]

1. e4 c5 2. Nf3 Nc6 3. d4 cxd4 4. Nxd4 Qa5+ 5. Nc3 Nxd4 6. Qxd4 e6 7. Bd3 f6 8.
O-O e5 9. Qc4 b6 10. Nd5 Bd6 11. Nc7+ Bxc7 12. Qxc7 Qc5 13. Qxc5 bxc5 14. Be3
d6 15. f4 Nh6 16. fxe5 Ng4 17. Bb5+ Bd7 18. Bxd7+ Kxd7 19. Bf4 Nxe5 20. Rad1
Rhe8 21. b3 Re6 22. Rd2 Kc7 23. Rfd1 Rd8 24. Be3 Kc6 25. a3 Ng4 26. Bf4 g5 27.
Bg3 Ne3 28. Re1 Rxe4 29. Kf2 Ng4+ 30. Kf1 Rxe1+ 31. Kxe1 Re8+ 32. Kf1 Ne3+ 33.
Kf2 Nf5 34. Rd3 Nxg3 35. Rxg3 h5 36. Rf3 Rf8 37. h3 f5 38. b4 g4 39. hxg4 hxg4
40. Rf4 Kb5 41. bxc5 Kxc5 42. g3 Kd5 43. Ra4 Rf7 44. Ke3 Re7+ 45. Kf4 Re4+ 46.
Rxe4 fxe4 47. Kxg4 Ke5 48. c4 Kd4 49. Kf4 Kd3 50. g4 e3 51. g5 e2 0-1

[Event "Flint Summer Swiss"]
[Site "Flint, MI"]
[Date "2002.07.28"]
[Round "4.14"]
[White "Reddick, Forrest"]
[Black "Homa, Seth"]
[Result "0-1"]
[WhiteElo "953"]
[BlackElo "1529"]
[PlyCount "60"]
[EventDate "2002.07.27"]

1. d4 Nf6 2. Bg5 Ne4 3. Nf3 Nxg5 4. Nxg5 e5 5. c3 Qxg5 6. Nd2 exd4 7. Nf3 Qd5
8. cxd4 Bb4+ 9. Nd2 Qxd4 10. Qc2 Bxd2+ 11. Kd1 Be3+ 12. Qd3 Qxd3+ 13. exd3 Bxf2
14. Rc1 Nc6 15. Be2 O-O 16. Rf1 Be3 17. Rc4 d5 18. Rh4 d4 19. Bf3 Ne5 20. Be4
Ng6 21. Rh5 Bg4+ 22. Bf3 Bxh5 23. Bxh5 Nf4 24. Bf3 Nxd3 25. Bxb7 Nxb2+ 26. Kc2
Rab8 27. Kxb2 Rxb7+ 28. Kc2 Rfb8 29. Kd3 Rb2 30. Rc1 Bxc1 0-1

[Event "Flint Summer Swiss"]
[Site "Flint, MI"]
[Date "2002.07.28"]
[Round "4.10"]
[White "Poniatowski, Don"]
[Black "Christiansen, Jeremy"]
[Result "0-1"]
[WhiteElo "1304"]
[BlackElo "1669"]
[PlyCount "50"]
[EventDate "2002.07.27"]

1. e4 d5 2. exd5 Qxd5 3. Nc3 Qa5 4. d4 Nf6 5. Bd3 Bg4 6. f3 Bh5 7. Nge2 e6 8.
a3 c6 9. Ng3 Bg6 10. O-O Nbd7 11. Nge4 Be7 12. Nxf6+ Nxf6 13. Ne2 c5 14. Bxg6
hxg6 15. dxc5 Qxc5+ 16. Kh1 Rd8 17. Qe1 Qxc2 18. Nc3 Nd5 19. Rf2 Qb3 20. Nxd5
Rxd5 21. Rd2 Bh4 22. Qe2 Bg3 23. h3 Rhh5 24. Rc2 Rhe5 25. Rc8+ Kd7 0-1

[Event "Flint Summer Swiss"]
[Site "Flint, MI"]
[Date "2002.07.28"]
[Round "4.5"]
[White "Mazuchowski, Tom"]
[Black "Laurin, Edward"]
[Result "1-0"]
[WhiteElo "2038"]
[BlackElo "1757"]
[PlyCount "68"]
[EventDate "2002.07.27"]

1. e4 d6 2. d4 Nf6 3. Nc3 g6 4. Nf3 c6 5. h3 b5 6. a3 Bb7 7. Be3 a6 8. Be2 Nbd7
9. e5 dxe5 10. dxe5 Nd5 11. Nxd5 cxd5 12. O-O e6 13. Bd3 Bg7 14. Bd4 Qc7 15.
Re1 O-O 16. c3 Nb8 17. b4 Rc8 18. Qe2 Nd7 19. Qe3 Bc6 20. Nh2 Rab8 21. f4 Nb6
22. Nf3 Bd7 23. Qf2 Qd8 24. Nh2 Nc4 25. Ng4 Ra8 26. Nf6+ Bxf6 27. exf6 Nd6 28.
Qh4 Nf5 29. Bxf5 exf5 30. Bc5 Rxc5 31. bxc5 Rc8 32. Re7 Be6 33. Qf2 Rc7 34.
Rxc7 Qxc7 1-0

[Event "Flint Summer Swiss"]
[Site "Flint, MI"]
[Date "2002.07.28"]
[Round "5.8"]
[White "Lawitzke, John"]
[Black "Kahn, Aaron"]
[Result "0-1"]
[WhiteElo "896"]
[BlackElo "1800"]
[PlyCount "66"]
[EventDate "2002.07.27"]

1. e4 c5 2. Nf3 d6 3. d4 cxd4 4. Nxd4 Nf6 5. Nc3 g6 6. Be3 Bg7 7. f3 O-O 8. Qd2
Nc6 9. Bc4 Bd7 10. O-O-O Rc8 11. Nxc6 bxc6 12. Bh6 Qa5 13. Bxg7 Kxg7 14. h4 h5
15. g4 hxg4 16. fxg4 Bxg4 17. Rdg1 Bh5 18. Be2 Rh8 19. Bxh5 Rxh5 20. Rg5 Rxg5
21. hxg5 Nh5 22. a3 Rb8 23. Qd4+ Kg8 24. Rf1 Qxg5+ 25. Kb1 Rb6 26. Qf2 Qf6 27.
Qe1 Qd4 28. Qh4 Qxc3 29. b3 Rxb3+ 30. cxb3 Qd3+ 31. Kb2 Qxf1 32. Qxe7 Qf6+ 33.
Qxf6 Nxf6 0-1

[Event "Flint Summer Swiss"]
[Site "Flint, MI"]
[Date "2002.07.28"]
[Round "5.14"]
[White "Korpi, Ernie"]
[Black "Poniatowski, Don"]
[Result "1-0"]
[WhiteElo "1600"]
[BlackElo "1304"]
[PlyCount "100"]
[EventDate "2002.07.27"]

1. e4 c6 2. d4 d5 3. Nd2 dxe4 4. Nxe4 Bf5 5. Ng3 Bg6 6. Nf3 Nd7 7. Be2 Ngf6 8.
O-O e6 9. c4 Bd6 10. Nh4 Bxg3 11. fxg3 O-O 12. Nxg6 hxg6 13. Bg5 Re8 14. Rf4
Qc7 15. Bxf6 Nxf6 16. Qf1 e5 17. dxe5 Qxe5 18. Bd3 Qxb2 19. Rb1 Qc3 20. Rf3 Qe5
21. Rxb7 Rab8 22. Rxb8 Rxb8 23. Bc2 Rd8 24. Bb3 c5 25. h3 Rd2 26. Rd3 Rxd3 27.
Qxd3 Qe1+ 28. Kh2 Qe7 29. Bd1 Kh7 30. a4 a5 31. Bf3 Kg8 32. Bc6 Kh7 33. Qf3 Kg8
34. Qf4 Qd8 35. Bb5 Qb6 36. h4 Kf8 37. g4 Qe6 38. Qb8+ Ne8 39. Qxe8+ Qxe8 40.
Bxe8 Kxe8 41. g5 Ke7 42. g4 Ke6 43. Kg3 Ke5 44. Kf3 Kd4 45. h5 gxh5 46. gxh5
Ke5 47. Kg4 f5+ 48. Kf3 f4 49. h6 gxh6 50. gxh6 Kf6 1-0

[Event "Flint Summer Swiss"]
[Site "Flint, MI"]
[Date "2002.07.28"]
[Round "4.12"]
[White "Korpi, Ernie"]
[Black "Choate, Eric"]
[Result "0-1"]
[WhiteElo "1600"]
[BlackElo "1502"]
[PlyCount "46"]
[EventDate "2002.07.27"]

1. e4 e5 2. Nf3 d6 3. d4 exd4 4. Nxd4 Nf6 5. Nc3 Be7 6. Bc4 O-O 7. f3 Bd7 8.
Be3 Nc6 9. Qd2 a6 10. O-O-O Ne5 11. Be2 Bc6 12. h4 h5 13. Rdg1 Qd7 14. Nf5 b5
15. g4 hxg4 16. h5 Kh8 17. Bh6 Rg8 18. Bf4 gxf3 19. Bxe5 fxe2 20. Rxg7 Rxg7 21.
Nxg7 dxe5 22. Qh6+ Nh7 23. Nxe2 Bg5+ 0-1

[Event "Flint Summer Swiss"]
[Site "Flint, MI"]
[Date "2002.07.28"]
[Round "4.4"]
[White "Kahn, Aaron"]
[Black "Everett, Morgan"]
[Result "1/2-1/2"]
[WhiteElo "1800"]
[BlackElo "2077"]
[PlyCount "59"]
[EventDate "2002.07.27"]

1. c4 Nf6 2. g3 g6 3. Bg2 Bg7 4. Nc3 O-O 5. e4 d6 6. Nge2 e5 7. d3 Nc6 8. O-O
Be6 9. Nd5 Ne8 10. Be3 f5 11. exf5 gxf5 12. f4 Nf6 13. fxe5 dxe5 14. Nec3 Nd4
15. Bxd4 exd4 16. Nxf6+ Bxf6 17. Ne2 c6 18. Nf4 Bf7 19. Bh3 Qa5 20. Qf3 Rae8
21. Ng2 Bg7 22. Qxf5 Qxf5 23. Rxf5 Re2 24. Raf1 Bg6 25. Rxf8+ Bxf8 26. Nf4 Re3
27. Be6+ Kg7 28. Nxg6 hxg6 29. Rf7+ Kg8 30. Rf6+ 1/2-1/2

[Event "Flint Summer Swiss"]
[Site "Flint, MI"]
[Date "2002.07.28"]
[Round "5.7"]
[White "Jones, Avery"]
[Black "Yang, Yinghan"]
[Result "0-1"]
[WhiteElo "1671"]
[BlackElo "1808"]
[PlyCount "110"]
[EventDate "2002.07.27"]

1. d4 Nf6 2. Nf3 b6 3. Nbd2 Bb7 4. g3 e6 5. Bg2 Be7 6. O-O d6 7. c3 Nbd7 8. Qc2
c5 9. dxc5 bxc5 10. Re1 O-O 11. e4 Qc7 12. c4 Ng4 13. h3 Nge5 14. b3 Bf6 15.
Rb1 a5 16. Bb2 a4 17. Nxe5 Bxe5 18. Nf3 axb3 19. axb3 Ra2 20. Nxe5 Nxe5 21. Qc3
f6 22. f4 Nc6 23. Ra1 Rfa8 24. Rxa2 Rxa2 25. Ra1 Rxa1+ 26. Bxa1 e5 27. f5 Qa5
28. Kf2 Qa2+ 29. Qb2 Qxb2+ 30. Bxb2 Nd4 31. Ke3 Nxb3 32. Bc3 Nd4 33. Bxd4 cxd4+
34. Kd3 Ba6 35. g4 Kf7 36. Bf3 Ke7 37. h4 h6 38. h5 Kd7 39. Be2 Kc6 40. Kc2 Kc5
41. Kb3 d5 42. exd5 e4 43. d6 Kxd6 44. c5+ Kxc5 45. Bxa6 Kd5 46. Kc2 Ke5 47.
Kd2 Kf4 48. Be2 Kg3 49. Bd1 Kf2 50. Be2 Kg1 51. Bd1 Kf1 52. Be2+ Kf2 53. Bd1 d3
54. Bb3 e3+ 55. Kxd3 e2 0-1

[Event "Flint Summer Swiss"]
[Site "Flint, MI"]
[Date "2002.07.28"]
[Round "5.12"]
[White "Homa, Seth"]
[Black "Rose, Daniel"]
[Result "1/2-1/2"]
[WhiteElo "1529"]
[BlackElo "1274"]
[PlyCount "54"]
[EventDate "2002.07.27"]

1. d4 c5 2. dxc5 e6 3. Nf3 Bxc5 4. e3 Nf6 5. Be2 Nc6 6. O-O O-O 7. c4 b6 8. Nc3
Bb7 9. a3 a5 10. b3 Ne7 11. Bb2 d5 12. Qc2 dxc4 13. bxc4 Nf5 14. e4 Nd4 15.
Nxd4 Qxd4 16. Rad1 Bxe4 17. Nxe4 Qxe4 18. Bd3 Qh4 19. g3 Qh6 20. Bxf6 gxf6 21.
Rde1 Bxa3 22. Re4 f5 23. Rh4 Qg7 24. Bxf5 exf5 25. Qxf5 Kh8 26. Rg4 Qh6 27. Rd1
Bb2 1/2-1/2

[Event "Flint Summer Swiss"]
[Site "Flint, MI"]
[Date "2002.07.28"]
[Round "4.11"]
[White "Holden, Anthony"]
[Black "Lawitzke, John"]
[Result "0-1"]
[WhiteElo "1505"]
[BlackElo "896"]
[PlyCount "102"]
[EventDate "2002.07.27"]

1. d4 e6 2. e3 Nf6 3. Bd3 d5 4. Nd2 c5 5. c3 Nc6 6. f4 cxd4 7. exd4 Be7 8. Ndf3
O-O 9. Qe2 a6 10. g3 Bd7 11. h4 Nh5 12. Bxh7+ Kxh7 13. Ng5+ Bxg5 14. hxg5 g6
15. g4 Kg7 16. gxh5 f6 17. hxg6 Rh8 18. Rxh8 Qxh8 19. gxf6+ Kxg6 20. Be3 Kxf6
21. O-O-O b5 22. Nf3 b4 23. cxb4 Nxb4 24. Bf2 Rc8+ 25. Kb1 Qh7+ 26. Rd3 Qxd3+
27. Qxd3 Nxd3 28. Bh4+ Kf5 29. a3 Kxf4 30. Nd2 e5 31. dxe5 Kxe5 32. Bg3+ Kf5
33. Bd6 Kg4 34. Be7 Bf5 35. Ka1 Nxb2 36. Nf1 Rc1+ 37. Kxb2 Rxf1 38. Kc3 Kf4 39.
Kd2 Rh1 40. Kc3 Rh3+ 41. Kd4 Rd3+ 42. Kc5 Rxa3 43. Kxd5 Rb3 44. Kd4 a5 45. Bd6+
Kf3 46. Bc7 a4 47. Be5 Bd3 48. Bf6 a3 49. Kc5 a2 50. Bc3 Rxc3+ 51. Kb4 Rc2 0-1

[Event "Flint Summer Swiss"]
[Site "Flint, MI"]
[Date "2002.07.28"]
[Round "4.16"]
[White "Hazzard, Bill"]
[Black "Saylor, Oliver"]
[Result "1-0"]
[WhiteElo "1511"]
[BlackElo "1328"]
[PlyCount "115"]
[EventDate "2002.07.27"]

1. d4 d5 2. c4 c6 3. Nc3 Nf6 4. Nf3 e6 5. Qc2 g6 6. e3 Bg7 7. Bd3 dxc4 8. Bxc4
Nbd7 9. Bd2 O-O 10. h3 Nd5 11. a3 Nxc3 12. Bxc3 Nf6 13. O-O-O b5 14. Bd3 a5 15.
g4 Qd6 16. b4 Nd5 17. Qb2 Nxc3 18. Qxc3 axb4 19. axb4 Ra4 20. Qc5 Qd5 21. Qxd5
exd5 22. Kd2 Rxb4 23. Ra1 Rb2+ 24. Bc2 b4 25. Rhb1 Rxb1 26. Rxb1 Ba6 27. Rxb4
Bb5 28. Bd3 Rb8 29. Bxb5 Rxb5 30. Rxb5 cxb5 31. Kc3 Bf8 32. Ne5 b4+ 33. Kb3 Kg7
34. Nd3 Kf6 35. Nxb4 Bxb4 36. Kxb4 h5 37. Kc5 Ke6 38. f3 f6 39. f4 hxg4 40.
hxg4 f5 41. g5 Ke7 42. Kxd5 Kd7 43. Ke5 Ke7 44. d5 Kd7 45. Kf6 Kd6 46. Kxg6
Kxd5 47. Kxf5 Kd6 48. Kf6 Kd7 49. g6 Kd6 50. g7 Kd5 51. Kf5 Kc4 52. g8=Q+ Kd3
53. e4 Ke3 54. Qd5 Kf2 55. Qd3 Kg2 56. Kg4 Kf2 57. Qd2+ Kf1 58. Kg3 1-0